000 00379nam a2200157Ia 4500
003 Ost
005 20260225132538.0
008 260225s9999||||xx |||||||||||||| ||und||
040 _cfsic
041 _afre
082 _a302.23
100 _aChristiane souriau hobechets
_eAuteur
245 0 _aLa presse maghrebine /
245 0 _cChristiane souriau hobechets
942 _cكتاب
999 _c33336
_d33336